00507cam a2200157 a 4500020001800000040001300018082001200031100002500043245004600068250001200114260005900126300003700185504006600222650003700288700002400325 a9780534514211 aDLCcDLC00a1532211 aSternberg, Robert J.10aCognitive psychology cRobert J.Sternberg a4th ed. aAustralia ;aBelmont, CA :bThomson/Wadsworth,cc2006. axxviii, 595 p. :bill. ;c24 cm. aIncludes bibliographical references (p. 538-578) and indexes. 0aCognitive psychologyvTextbooks.1 aMio, Jeffery Scott,